| 000 | 01204cam a2200217 4500 | ||
|---|---|---|---|
| 001 | WB4022-07 | ||
| 008 | 040608n2004 000 0 eng u | ||
| 035 | _a(Sirsi) u126433 | ||
| 245 | _aGuides to help park managers | ||
| 260 | _c2004 | ||
| 490 |
_aCABE Press Release _v 27 May 2004 (1) |
||
| 520 | _aCABE Space has launched two good practice guides to help local authorities and other green space managers promote the regeneration of open spaces. "Green space strategies, a good practice guide" aims to help local authorities to undertake assessments of their green space provision. "A guide to producing park and green space management plans" will help anyone involved in the management of a publicly accessible park or green space to maintain, develop and improve it. Both guides are available free to any park or space manager from t +44 (0)20 7960 2400, [email protected] or download from http://www.cabespace.org.uk/publications. http://www.cabe.org.uk/news/press/showPRelease.asp ?id=634 | ||
| 590 | _aWB | ||
| 590 | _aWB | ||
| 650 | _aGREEN SPACES | ||
| 650 | _aPARKS | ||
| 650 | _aOPEN SPACES | ||
| 650 | _aSPACE MANAGEMENT | ||
| 690 | _aENVIRONMENT-MANAGEMENT | ||
| 942 | _n0 | ||
| 999 |
_c117488 _d117488 |
||